| 000 | 00966nam a2200277Ia 4500 | ||
|---|---|---|---|
| 001 | Z_6362 | ||
| 008 | 220601s9999 xx 000 0 und d | ||
| 020 | _a978-607-12-0126-3 | ||
| 082 | _a636.08 U234 | ||
| 110 | _aMéxico. Universidad Autónoma Chapingo | ||
| 245 | _aReporte de unidades representativas de producción pecuaria: panorama económico 2008-2018 / edición Gloria Villa Hernández | ||
| 260 | _aMéxico : UACh: SAGARPA | ||
| 300 | _a118 p. | ||
| 503 | _aej.1 - ej.5: Donado por: Pof. Myriam Sagarnaga Villegas | ||
| 650 | _a1. Ganado -- Produccion | ||
| 650 |
_aPolitica alimentaria _990389 |
||
| 650 | _aAlimentos -- Investigacion | ||
| 650 |
_aPolitica agricola. _990283 |
||
| 700 | _aVilla Hernandez, Gloria, ed. | ||
| 710 | _aMéxico. Universidad Autónoma Chapingo \ SAGARPAÌ | ||
| 901 | _a636.08 U234 | ||
| 902 | _aM | ||
| 905 | _a5232272010 mx abmn8223113311spa16 | ||
| 942 | _c1 | ||
| 999 |
_c217121 _d217121 |
||